[Event "Tata Steel-A 75th"]
[Site "Wijk aan Zee"]
[Date "2013.01.23"]
[Round "10"]
[White "Aronian, Levon"]
[Black "Wang, Hao"]
[Result "1-0"]
[WhiteElo "2802"]
[BlackElo "2752"]
[Annotator "Marin,M"]
[PlyCount "75"]
[EventDate "2013.01.12"]
[EventType "tourn"]
[EventRounds "13"]
[EventCountry "NED"]
[EventCategory "20"]
[SourceTitle "CBM 153"]
[Source "ChessBase"]
[SourceDate "2013.03.14"]
[SourceVersion "1"]
[SourceVersionDate "2013.03.14"]
[SourceQuality "1"]

1. c4 e5 2. Nc3 Nf6 3. Nf3 Nc6 4. g3 Nd4 5. Bg2 Nxf3+ 6. Bxf3 Bc5 (6... Bb4 {
is by far more popular. A recent game went} 7. d4 $5 {not very usual; Whie
weakens his light squares.} ({For the normal} 7. Qb3 {see for instance Nielsen,
P (2700)-Caruana,F (2697)/Amsterdam 2010/CBM 138/[Ftacnik] (1/2, 37)}) 7...
Bxc3+ 8. bxc3 e4 9. Bg2 h6 10. c5 O-O 11. c4 b6 12. O-O Re8 13. Qa4 bxc5 14.
dxc5 Bb7 15. Qa5 {White has good control on dark squares, but his structural
deffects prevent him fromm carrying any effective pawn rupture.} Ng4 16. Bf4
Ne5 17. Rfd1 Bc6 18. Rac1 Rc8 19. Bh3 Re7 20. Qa6 Ng6 21. Be3 Nf8 22. Rc3 Ne6
23. Qa5 Qf8 24. Rb1 f5 25. Ra3 Ra8 26. Qc3 a6 27. Ra5 Kh7 28. Qe5 g6 $13 {
Romanov,E (2625)-Caruana,F (2767)/Sochi 2012/CBM 148 (0-1, 42)}) 7. d3 h6 {
Actually, the necessity of playing this prophylactyc move is questionable.} (
7... O-O 8. O-O c6 9. Bg5 h6 10. Bxf6 Qxf6 11. Ne4 Qe7 12. Nxc5 Qxc5 13. Qd2 (
13. e3 Qe7 14. Bg2 d6 15. Qd2 Be6 16. f4 Qd7 {Kosten,A (2530)-Hamdouchi,H 
(2579)/Montpellier 2006/CBM 113 ext (0-1, 53)}) 13... a5 14. a3 a4 15. Rac1 f5
(15... d6 16. Rfd1) 16. Rfd1 Qe7 (16... d6 17. d4) 17. c5 d5 18. cxd6 Qxd6 19.
Rc4 Rd8 $2 {Did Black overlook or just underestimate White's threat?} (19...
Be6 20. Rb4 Rf7 21. Qc3 Bb3 22. Rc1 {ithout any pawn breaks in sight, White's
queenside pressure remains purely platonic, the same as his hopes to attack
the enemy pawns with his bishop.}) 20. Qc2 e4 21. Bg2 Qe5 22. Rxa4 Rxa4 23.
Qxa4 Qxb2 24. dxe4 Rxd1+ 25. Qxd1 Qxa3 26. Bh3 $16 {Smejkal,J (2540)-Campora,D
(2490)/Vrsac 1981/MCD (1-0, 39)}) 8. O-O (8. h4 {was tried in an Internet
blitz match between two strong grandmasters, but oes not look too much to the
point.} c6 {This does not really threaten ...d7-d5, but prepares the solid ...
d7-d6.} (8... d6 $6 9. b4 $1 Bd4 10. Bd2 O-O 11. e3 Bxc3 12. Bxc3 Qd7 13. O-O
Re8 14. Bg2 d5 15. Qb3 dxc4 16. Qxc4 c6 17. a4 $14 {Bacrot,E (2645)-Sutovsky,E
(2639)/playchess.com 2003/EXT 2004 (1/2, 37)}) 9. g4 $6 {Exposing this pawn.} (
{A neutral move should have preferred, for instance:} 9. Bd2 d5 $2 10. cxd5
cxd5 11. Qb3) 9... d5 10. g5 (10. cxd5 Bxg4) 10... hxg5 11. Bxg5 Qb6 $36 {
Bacrot,E (2645)-Sutovsky,E (2639)/playchess.com 2003/EXT 2004 (0-1, 44)}) 8...
O-O 9. Bg2 {A subtle retreat, clearing the path for the f-pawn and waiting for
Black to display his cards.} (9. Rb1 c6 (9... a5 10. a3 c6 11. b4 Bd4 {
Yakovich,Y (2596)-Kurnosov,I (2543)/St Petersburg 2004/CBM 102/[Ribli] (1-0,
45)}) 10. b4 Be7 11. Qb3 d6 12. b5 $14 {Cebalo,M (2476)-Kosintseva,T (2539)/
Biel 2009/CBM 131 Extra (1/2, 40)}) (9. a3 a6 10. e3 Ba7 11. b4 c6 12. d4 exd4
13. exd4 d5 14. cxd5 Nxd5 $11 {Bacrot,E (2653)-Sutovsky,E (2664)/Albert 2001/
CBM 086 (1/2, 42)}) 9... c6 10. Bd2 (10. Qb3 $5 {contains more venom that it
might seem:} Bb6 11. Bd2 d6 12. h3 Nd7 ({White's point is that after} 12... Be6
{he can get the two bishops. true, things are not entirley clear:} 13. Na4 Qd7
{[%cal Gb6d8]} 14. Nxb6 axb6 15. Kh2 b5 $1 {By attacking h3, Black has gained
a tempo for attacking the pinned pawn. I wonder whether White could have
considered other half-waiting move instead of h2-h3.} 16. Qc3 bxc4 17. dxc4 {
Black has turned the structural balance slightly to his favour, but I would
treasure the bishops pair more in the long term battle.}) 13. Kh2 Nc5 14. Qd1
a5 {Black has some queenside stability, but his pieces compete for a single
square: c5.} 15. f4 f5 16. Na4 (16. Qc2 Be6 17. Rae1 $14 {/\e3, b3}) 16... Nxa4
17. Qxa4 Be6 18. Rae1 exf4 19. Bxf4 Bc5 20. Qc2 Qb6 21. e4 Qc7 $2 (21... Rf7) (
21... Rad8) 22. a3 (22. d4 Bxd4 23. c5 Be5 24. cxd6 Bxd6 25. exf5 Bd7 26. f6
Rxf6 27. Qb3+ Kh8 28. Bxd6 Rxd6 29. Re7 $40) 22... Rad8 23. Qd2 (23. Qc3 $14)
23... Bd4 $11 {Najdorf,M (2525)-Camara,H (2325)/Sao Paulo 1978/MCL (1-0, 40)})
10... Re8 {Black maintains the freedom for his dark-squared bishop but delays
the development of the other. This problem in the closed games has been
revealed many decades ago by Rudolf Spielmann: it is not easy to activate both
bishops at the early stage of the game.} (10... d6 {hands in the bishops pair.}
11. Na4 Bd4 12. e3 Bb6 13. Nxb6 axb6 14. Bc3 Re8 15. d4 (15. a4 Bg4 16. f3 Be6
17. e4 $14 {[%cal Gf3f4,Gb2b3]}) 15... e4 16. d5 Qe7 17. a4 c5 18. b4 Bf5 19.
bxc5 bxc5 20. Qb3 Rad8 (20... Nh7 21. Rfb1 Ra7 22. Qb6 Rea8 23. Qb2 f6 24. Qc2
Ng5 25. h4 Nh7 26. a5 Nf8 27. Rb3 Ng6 28. Rab1 Ne5 29. Bxe5 Qxe5 30. Rxb7 Rxa5)
21. Rfb1 Rd7 22. Qb2 Ng4 23. Ra3 Ne5 24. Bxe5 Qxe5 25. Qxe5 Rxe5 26. Rab3 $14 {
Smejkal,J (2600)-Portisch,L (2635)/Milan 1975/MCL (1/2, 62)}) 11. Rc1 Bf8 (
11... Bb6 12. b4 $14) (11... d6 12. Na4 $14) (11... a5 12. Na4 Ba7 13. c5 $14)
12. e4 $1 {Preparing the kingside attack.} d6 ({Playing for the d4-square with
} 12... Bc5 {[%csl Gd4] would lose too much time:} 13. h3 d6 14. Kh1 a5 15. f4
$36) 13. h3 a6 14. a4 Rb8 15. Kh2 Nd7 $6 {Black plays for a blockade on dark
squares, but this restricts his own possibilities as well. Besides, the
absence of the knight from the kingside will make itself felt.} (15... b5 $5 {
is worth considering, opening at last one file. A possible continuation would
be} 16. axb5 axb5 17. cxb5 cxb5 18. b4 {followed by f2-f4-f5, but Black could
find ways to get some queenside counterplay.}) 16. Be3 a5 17. f4 Nc5 18. Rc2
Be6 $2 {Suicidal. White's attack was dangerous anyway, there was no need to
help him speed it up.} (18... Bd7 19. Rcf2 f6 20. f5 b5 21. Bf3 (21. axb5 cxb5
22. Bf3 Bc6 23. Bh5 Re7 {[%csl Ge4]}) 21... Nxa4 22. Nxa4 bxa4 23. Qxa4 c5 24.
Qd1 Re7 25. g4 Bc6 26. h4 $40) 19. f5 Bd7 20. Bf3 b5 $6 21. axb5 cxb5 22. Bh5
bxc4 (22... b4 23. Nd5 $18) 23. dxc4 $18 {All White's pieces are ready to
cooperate in the attack. Black has no satisfactory defence.} Be7 $6 {[%cal
Ge7g5] This takes some measures against the attack, but allows a simple
tactical solution.} (23... Qb6 24. Bxh6 $1 (24. f6 $18) 24... gxh6 25. Qg4+ Kh8
26. Bxf7 Be7 27. Qh5 Bg5 28. h4 $18) (23... Bc6 24. f6 g6 25. Bxg6) 24. Bxc5
dxc5 25. Qd5 (25. Rd2 Rb7 26. f6 Bxf6 27. Bg4 Bxg4 28. Rxd8 Rxb2+ 29. Kh1 $18)
25... Rf8 26. Rd1 Be8 27. Qxe5 $18 Bf6 28. Qxc5 Qb6 29. Qxb6 Rxb6 30. c5 Rb4
31. Nd5 Ba4 32. Nxb4 axb4 33. Rc4 Bxd1 34. Bxd1 Rd8 35. Bb3 Rd2+ 36. Kh1 Rxb2
37. Rxb4 Be5 38. Rb7 1-0

[Event "Moscow Tal Memorial 5th"]
[Site "Moscow"]
[Date "2010.11.14"]
[Round "9"]
[White "Wang, Hao"]
[Black "Karjakin, Sergey"]
[Result "1/2-1/2"]
[WhiteElo "2727"]
[BlackElo "2760"]
[Annotator "Marin,M"]
[PlyCount "111"]
[EventDate "2010.11.05"]
[EventType "tourn"]
[EventRounds "9"]
[EventCountry "RUS"]
[EventCategory "21"]
[SourceTitle "CBM 139"]
[Source "ChessBase"]
[SourceDate "2010.11.18"]
[SourceVersion "1"]
[SourceVersionDate "2010.11.18"]
[SourceQuality "1"]

1. c4 Nf6 2. Nc3 e5 3. Nf3 Nc6 4. g3 d5 5. cxd5 Nxd5 6. Bg2 Nb6 7. O-O Be7 8.
d3 {This is the old move order, but in the present game it was probably played
with the intention of combining classic and modern trends.} ({Nowadays,} 8. a3
O-O 9. b4 Be6 10. Rb1 f6 11. d3 {is considered to be more topical. I assume
that Wang wanted to avoid} Nd4 ({After} 11... a5 {we reach a position to which
Black could have transposed in the game.} 12. b5 Nd4 13. Nd2 Qc8 {Carlsen,M 
(2801)-Kramnik,V (2772)/London 2009/CBM 134/[Carlsen,M] (1-0, 43)}) 12. Nd2 c6
13. Nde4 {Aronian,L (2739)-Topalov,V (2780)/Morelia/Linares 2008/CBM 123/
[Marin,M] (1-0, 65)}) 8... O-O 9. a3 Be6 10. b4 a5 ({As usual, the main
alternative is jumping with the knight without the previous ...a5.} 10... Nd4
11. Bb2 Nxf3+ 12. Bxf3 c6 {This may seem to be very close to equality and
computers certainly think so, but there is a famous game in which one of the
strongest players in history managed to win.} 13. Ne4 Nd7 14. Qc2 Bd5 15. Nd2
Bxf3 16. Nxf3 Bd6 17. Nd2 Qe7 18. Ne4 Rae8 19. Nxd6 Qxd6 20. a4 f5 21. b5 c5
22. e3 Rf7 23. Rfe1 Nf8 24. Qc4 Rd8 25. Rad1 {Both sides have displayed their
forces harmoniously, but White eventually found a way to open the centre and
prove the superiority of his bishop over the knight, Kasparov,G (2760)-Salov,V
(2595)/Moscow 1988/URS-ch (1-0, 58)}) 11. b5 Nd4 12. Rb1 {Once the queenside
structure has been established, White is ready to get back to the Rb1 lines,
but Black can deviate.} ({It is known that} 12. Nxe5 {leads nowhere after} Bf6
13. f4 Nb3 {and White's pieces are hanging.}) (12. Bb2 {is more typical for
this move order, but things are not entirely clear here.} f6 (12... Bb3 13. Qc1
Be6 {is an unsuccessfull attempt to force a draw:} ({The careless} 13... Re8 $6
{drops a pawn:} 14. Nxd4 exd4 15. Bxb7 $1 $16 {Marin,M (2548)-Palac,M (2610)/
Batumi 1999/CBM 74/[Marin,M] (1/2, 27)}) 14. Rb1 f6 15. Nxd4 exd4 16. Ne4 Na4
17. Ba1 Ba2 18. Qc2 Bxb1 19. Rxb1 Nb6 20. Nc5 $14 {Marin,M (2569)-Stefansson,H
(2567)/Istanbul 2000/EXT 2001/[Marin,M] (1-0, 58)}) 13. Nxd4 exd4 14. Na4 Qd7
$1 {This developing move, implying a psudo-sacrifice, keeps Black very much in
the game.} (14... Bd5 15. Bh3 Bf7 16. Rc1 Re8 17. Bg2 Rb8 18. Re1 $14 {Jobava,
B (2616)-Cheparinov,I (2555)/Antalya 2004/CBM 101 (1-0, 43)}) 15. Bxb7 Qxb5 16.
Nxb6 Rab8 $1 $132 {Atalik,S (2592)-Vokarev,S (2502)/Plovdiv 2008/CBM 124 (1/2,
33)}) 12... Nd5 {This is supposed to be fine for Black.} (12... f6 {would
transpose to a line mentioned above.}) 13. Na4 Nxf3+ (13... Qe8 $5 {is an over
ambitious move, immediately attacking b5.} 14. Nxd4 exd4 15. Bb2 Rd8 $8 (15...
Bf6 16. Nc5 $16) 16. Bxd4 Bxa3 17. Nc5 Nf4 $1 18. Nxe6 Qxe6 19. gxf4 Rxd4 20.
e3 Rd6 21. Qb3 Bb4 $13 {and White failed to stabilize the position to his
favour in Azmaiparashvili,Z (2560)-Romanishin,O (2555)/Yerevan 1989/CBM 014 (1/
2, 28)}) ({Apparently, Azmaiparashvili found an improvement over his previous
game, since he repeated the line 3 years later. This time Black reacted feebly:
} 13... Bg4 $6 {Moving with this bishop for the second time before the
development has been completed.} 14. Nxd4 exd4 15. Bb2 Bf6 16. Qc2 Re8 17. Rfd1
Rb8 18. h3 Be6 19. Nc5 $16 {Azmaiparashvili,Z (2610)-Gomez Jurado,L (2265)/
Candas 1992/TD (1-0, 28)}) 14. Bxf3 f5 $146 {White will find an effective way
to deal with this (possibly) over-the-board novelty.} (14... Qd6 15. Qd2 Rfd8
16. Bb2 c6 17. Nc3 c5 18. Ne4 Qb8 19. Ng5 (19. Qc2 $5 {[%cal Ge4d2,Gd2c4]
followed by Nd2-c4 may be more consistent strategically.}) 19... Bxg5 20. Qxg5
f6 21. Qh4 Rd7 22. Be4 h6 23. Rbc1 Qf8 24. f4 exf4 25. gxf4 f5 26. Bh1 c4 $132
{Giorgadze,G (2410)-Yakovich,Y (2450)/Barnaul 1988/TD (1-0, 40)}) 15. Bb2 Bd6 {
This also is a loss of time and a direct consequence of the previous move.
Black has to maintain the c5-square defended by the bishop, while covering the
e5-pawn.} (15... Qd6 16. Rc1 Rad8 17. Nc5 Bc8 18. Qb3 $36) 16. Qb3 $1 {After
this, Black will miss a tempo to stabilize his position.} Nf4 (16... c6 17.
bxc6 bxc6 18. Qc2 $14) 17. Qc2 Nh3+ (17... Nd5 {loses a tempo for nothing and
can be met by} 18. Nc5 $16) 18. Kg2 Ng5 19. Bxb7 Rb8 20. Bc6 f4 {White has won
a pawn, but Black seems to have some chances on the kingside.} 21. Nc5 $1 {
White immediately starts fighting for the light squares, ignoring the loss of
the exchange.} f3+ $5 {The only attempt to mud the waters.} (21... Bh3+ 22. Kg1
Bxf1 23. Rxf1 $16 {White has a pawn for the exchange, the a5-pawn is in danger
(which makes the a3-pawn a dangerous candidate to promotion, sustained by the
c6-bishop) while the light squares are under white control.}) 22. exf3 Bh3+ 23.
Kh1 (23. Kg1 Nxf3+ 24. Bxf3 Rxf3 25. Rfe1 {looks less clear. Why leave Black
with the latent threat on g2?}) 23... Nxf3 24. Qc4+ {Another queen move
provoking a forced sequence.} (24. Rfe1 $5 {[%cal Ge1e3]} Nxe1 25. Rxe1 {
is playable, too, but possibly less effective.}) 24... Kh8 25. Ne6 Bxe6 26.
Qxe6 {White has eliminated the dangerous bishop and is ready to enjoy his
light-squared domination. He temporarily will lose the exchange, though.} Nd2
27. Rbd1 Nxf1 28. Rxf1 Rf6 29. Qc4 Qf8 {Again, Karjakin finds a way to keep
some tension in the position, by attacking f2 and a3 simultaneously.} 30. f3
Bxa3 31. Bxe5 Rf7 32. Bd5 Rd7 33. Bxc7 Rxc7 (33... Rc8 34. b6 $16) 34. Qxc7
Rxb5 35. Qd7 {The position has calmed down finally. White is a pawn up and
controls the centre. The black king has less pawns around him, but the move
f2-f3 has somewhat weakened the white king, too. Besides, the a5-pawn needs
some surveillance. In conclusion, White is clearly better, but has to play
accurately.} Rb8 36. Re1 Bb2 37. Re6 {[%csl Rh7][%cal Gd5e4,Ge6h6] The
invasion of the white pieces is impressive. The concrete threat is Be4
followed by Rh6.} Rd8 38. Qb5 a4 $6 {Giving up this pawn too easily.} 39. Qxa4
Bf6 (39... Rxd5 $2 40. Re8) 40. Be4 $18 {The rest should be simple, but
miracles will happen in the less expected moment.} g6 41. Kg2 Bd4 42. h4 Qc5
43. h5 $1 {Strongest, but not the only one.} ({The simpler} 43. Re8+ {should
win as well.}) 43... Qc1 (43... Qxh5 44. Re8+ Rxe8 45. Qxe8+ Kg7 46. Qd7+ Kf8
47. Qxd4 $18) 44. hxg6 $2 (44. Re8+ $2 Kg7 45. Rxd8 Qg1+ 46. Kh3 Qh1+ 47. Kg4
Qxh5+ 48. Kf4 Qe5+ 49. Kg4 Qh5+ $11) ({White should have taken the h1-square
under control and depriving Black from any form of counterplay.} 44. f4 $1)
44... Qg1+ 45. Kh3 Bf2 $1 $11 {The threat of mate in one is not easy to be
parried. Whites activity is enough for just a draw by perpetual.} 46. Re8+ Kg7
47. Re7+ Kf8 48. Rf7+ Kg8 49. gxh7+ Kh8 (49... Kxf7 $2 {allows White reach the
c7-square with his queen with gain of time>} 50. Qc4+ Kf6 51. Qc6+ Ke5 52. Qc7+
Ke6 {Obviously, there was no other square available for the king, because Qxd8
with check cannot be allowed.} 53. d4 $1 {Followed by d4-d5. Black will not be
able to prevent the promotion of the h-pawn.} Rf8 54. d5+ Kf6 55. Qf4+ Kg7 56.
Qxf8+ $1 $18) 50. Kg4 Qxg3+ 51. Kf5 Bd4 52. Qc6 Qh3+ 53. Kg6 Qg3+ 54. Kf5 Qh3+
55. Kg6 Qg3+ 56. Kf5 1/2-1/2

[Event "Corus"]
[Site "Wijk aan Zee"]
[Date "2007.01.19"]
[Round "6"]
[White "Van Wely, Loek"]
[Black "Tiviakov, Sergei"]
[Result "1/2-1/2"]
[WhiteElo "2683"]
[BlackElo "2667"]
[Annotator "Marin,M"]
[PlyCount "43"]
[EventDate "2007.01.13"]
[EventType "tourn"]
[EventRounds "13"]
[EventCountry "NED"]
[EventCategory "19"]
[SourceTitle "CBM 117"]
[Source "ChessBase"]
[SourceDate "2007.03.30"]
[SourceVersion "1"]
[SourceVersionDate "2007.03.30"]
[SourceQuality "1"]

1. c4 e5 2. g3 Nf6 3. Bg2 d5 4. cxd5 Nxd5 5. Nc3 Nb6 6. Nf3 Nc6 7. O-O Be7 8.
a3 O-O 9. b4 Be6 10. Rb1 f6 11. d3 {Tiviakov has big experience in thisline as
Black.} Nd4 ({He has frequently played the other possible line here, too:} 
11... a5 12. b5 Nd4 {Here is his most recent games with it, against the same
opponent:} 13. Nd2 Qc8 14. e3 Nf5 15. Qc2 Rd8 16. Bb2 Nh6 $5 ({Black starts
improving the position of his knight, before starting queenside operations.
Many years ago, Tiviakov tried} 16... a4 17. Rfd1 Ra5 {><b5,a3, but White
reacted in rather interesting way with} 18. Nc4 $1 Nxc4 19. dxc4 Bxc4 20. Rxd8+
Bxd8 21. Nxa4 Nd6 22. Nc3 {/\a4,Ba3+/-} Bxb5 23. Nxb5 Rxb5 24. Rd1 $44 {
Wedberg,T (2465)-Tiviakov,S (2575)/Haninge 1992/CBM 030/[Dautov] (1-0, 37)})
17. Rfd1 Nf7 18. Rbc1 Bf8 19. h4 $6 ({Maxim Notkin in Chess Today recommends} 
19. Ne2 a4 20. d4 {with active play in the centre for White.}) 19... Bh3 20.
Bh1 Bg4 21. Re1 Bf5 22. Nce4 Qd7 $15 {Van Wely,L (2655)-Tiviakov,S (2669)/
Hilversum 2006 (0-1, 32)}) 12. Be3 Nxf3+ ({The othe rpossible move is} 12... c5
{as played in, for instance, Lautier,J (2620)-Portisch,L (2600)/Biel 1996/CBM
55/[Ribli] (1/2-1/2, 42). White has failed to prove a convincing way to an
advantage so far.}) 13. Bxf3 c6 14. Qc2 $146 {A logical novelty. White
connects hisrooks and refrains from defining his knight's intentions, in order
to maintain the control of the d5-square.} (14. Ne4 Nd5 (14... Bd5 15. a4 f5
16. Nd2 Nd7 $6 (16... Bf6 $5 17. a5 Nc8 $14) 17. Bxd5+ cxd5 18. Qb3 Nf6 19. Nf3
Bd6 20. Bg5 Bc7 21. Rbc1 $14 {Serper,G (2490)-Tiviakov,S (2520)/Kherson 1991/
CBM 021 ext (1-0, 47)}) 15. Bd2 b6 (15... f5 16. Nc5 $14) 16. Qa4 (16. Qc2 {
Ribli} Qd7 17. Rfc1 Rfc8 $13) 16... Qd7 17. Rfc1 Rfc8 18. Nc3 {/\19.Nxd5 Bxd5
20.Bxd5 Qxd5 21.Rc3+/= <->c} (18. Bg2 {Ribli} a5 $36) 18... b5 {Schwartzman,G 
(2505)-Tiviakov,S (2640)/Wijk aan Zee 1995/CBM 045/[Hansen,Cu] (0-1, 39)}) (14.
Bc5 Nd5 15. Nxd5 cxd5 16. Qb3 Re8 17. Rfc1 Qd7 $11 {Timman,J (2630)-Bareev,E 
(2665)/Ubeda 1997/CBM 058 (1/2-1/2, 30) Black's centre is strong enough to
neutralise White's very light queenside initiative.}) 14... Rf7 15. Bc5 {
Returning to familar paths.} ({A more logical continuation of the plan
initiated by the previous move seems to be} 15. Rfc1 {[%cal Ya3a4,Yb4b5,Yc3e4,
Ye3c5] , increasing the pressure against Black's queenside. White would decide
which of the numerous plans available he will choose in acordance with Black's
answer.}) 15... Nd5 16. Ne4 b6 {The weakness of the c6-pawn will be relatively
easy to defend, although it is true that it will restrict Black's active
possibilities to a certain extent. At the same time, it is the lesser evil for
Black, who should not allow the enem knight jump to c5.} 17. Bxe7 Nxe7 18. Rfd1
Rc8 19. e3 {[%cal Yd3d4]} Nf5 {[%csl Gd4]} 20. Rbc1 Rd7 21. Qe2 Ne7 22. Nc3 $11
{For both sides it will be difficult to carry out an active plan.} 1/2-1/2